000 00221 a2200097 4500
001 43002
100 _aPryde J
245 _aChimers seven figures math table
260 _a
_bW & R Chambers ltd
_c
090 _c26878
_d26878
942 _aNUST-CAE
_cM
_c18755
999 _c278075
_d278075